000 00352nam a2200145 i 4500
001 bg
100 1 _aWESOŁOWSKI, Jerzy W.
245 0 _aProgramowanie nowej techniki /
_cJerzy W. Wesołowski.
250 _aWyd.2 rozsz.
260 _aWarszawa,
_c1975.
040 _cBPK
041 _apol
942 _cKS
008 s pl f |000 0 pol
999 _c26780
_d26780
856 _uhttp://koha.tu.koszalin.pl/cgi-bin/koha/opac-detail.pl?biblionumber=26780
_yKatalog online BPK